| 000 | 01015nam a22002897a 4500 | ||
|---|---|---|---|
| 001 | 4540 | ||
| 003 | FISKH | ||
| 005 | 20241024142612.0 | ||
| 008 | 240913b cb ||||| |||| 00| 0 eng d | ||
| 020 | _a9780545284073 | ||
| 040 |
_aFISKH _beng _cFISKH _dFISKH |
||
| 050 | _aPZ7.P2843 | ||
| 082 | _2813.6 | ||
| 100 |
_aPaulsen, Gary _d(1939–2021) |
||
| 245 |
_aMudshark / _cGary Paulsen |
||
| 250 | _aFirst prinitng in 2010 | ||
| 260 |
_aNew York : _bScholastic, _c2010. |
||
| 300 |
_a86 pages : _c20 cm |
||
| 505 | _aZ | ||
| 520 | _aPrincipal Wagner confidently deals with a faculty washroom crisis, a psychic parrot, and a terrorizing gerbil, but when sixty-five erasers go missing, he enlists the help of the school's best problem solver and locator of lost items, twelve-year-old Lyle Williams, aka Mudshark. | ||
| 521 | 8 |
_a1080
_bLexile |
|
| 521 | 8 |
_aZ
_bRaz-Plus |
|
| 650 |
_2Fiction _aProblem solving |
||
| 650 |
_2Chapter book _aSchool stories |
||
| 942 |
_2ddc _cBK _n0 |
||
| 999 |
_c4540 _d4540 |
||